<?xml version="1.0" encoding="UTF-8"?>
<record
    xmlns:xsi="http://www.w3.org/2001/XMLSchema-instance"
    xsi:schemaLocation="http://www.loc.gov/MARC21/slim http://www.loc.gov/standards/marcxml/schema/MARC21slim.xsd"
    xmlns="http://www.loc.gov/MARC21/slim">

  <leader>01975nas a2200325 a 4500</leader>
  <controlfield tag="001">235069</controlfield>
  <controlfield tag="003">AGNRD</controlfield>
  <controlfield tag="005">20250415100900.0</controlfield>
  <controlfield tag="007">ta</controlfield>
  <controlfield tag="008">890206s        spco   ||    o001 ||spa| </controlfield>
  <datafield tag="010" ind1=" " ind2=" ">
    <subfield code="a">1962</subfield>
  </datafield>
  <datafield tag="040" ind1=" " ind2=" ">
    <subfield code="a">AGNRD</subfield>
    <subfield code="c">AGNRD</subfield>
    <subfield code="e">RDA</subfield>
    <subfield code="d">DO-SdBNP</subfield>
  </datafield>
  <datafield tag="041" ind1=" " ind2=" ">
    <subfield code="a">spa</subfield>
  </datafield>
  <datafield tag="130" ind1=" " ind2=" ">
    <subfield code="a">4 poemas heroicos</subfield>
    <subfield code="9">87275</subfield>
  </datafield>
  <datafield tag="245" ind1="0" ind2=" ">
    <subfield code="a">Concurso literario : cuatro poemas heroicos : </subfield>
    <subfield code="b">un ensayo, un discurso /</subfield>
    <subfield code="c">dibujos: Gilberto Hern&#xE1;ndez Ortega.</subfield>
  </datafield>
  <datafield tag="264" ind1=" " ind2=" ">
    <subfield code="a">Santo Domingo, Rep&#xFA;blica Dominicana :</subfield>
    <subfield code="b">Ediciones Brigadas Dominicanas.</subfield>
    <subfield code="b">Editorial El Caribe,</subfield>
    <subfield code="c">1962.</subfield>
  </datafield>
  <datafield tag="300" ind1="4" ind2=" ">
    <subfield code="a">volumen :</subfield>
    <subfield code="b">ilustraciones, dibujos ; </subfield>
    <subfield code="c">24.5 cm.</subfield>
  </datafield>
  <datafield tag="336" ind1=" " ind2=" ">
    <subfield code="a">texto</subfield>
    <subfield code="b">txt</subfield>
    <subfield code="2">rdacontent</subfield>
  </datafield>
  <datafield tag="337" ind1=" " ind2=" ">
    <subfield code="a">sin mediaci&#xF3;n</subfield>
    <subfield code="b">n</subfield>
    <subfield code="2">rdamedia</subfield>
  </datafield>
  <datafield tag="338" ind1=" " ind2=" ">
    <subfield code="a">volumen</subfield>
    <subfield code="b">nc </subfield>
    <subfield code="2">rdacarrier</subfield>
  </datafield>
  <datafield tag="362" ind1=" " ind2=" ">
    <subfield code="a">Mayo 1962.</subfield>
  </datafield>
  <datafield tag="490" ind1=" " ind2=" ">
    <subfield code="a">Colecci&#xF3;n Baluarte ; dirigida por A&#xED;da Cartagena Portalat&#xED;n.</subfield>
  </datafield>
  <datafield tag="505" ind1=" " ind2=" ">
    <subfield code="a">Concurso literario celebrado por el Comit&#xE9; Ejecutivo de la Junta Pro Glorificaci&#xF3;n de los H&#xE9;roes del 30 de mayo, de las Hermanas Mirabal, Luper&#xF3;n, Maim&#xF3;n, Constanza y Estero Hondo, mayo 30 de 1962.</subfield>
  </datafield>
  <datafield tag="505" ind1=" " ind2=" ">
    <subfield code="a">Sucs. Aida Cartagena Portalat&#xED;n. </subfield>
  </datafield>
  <datafield tag="505" ind1=" " ind2=" ">
    <subfield code="a">Introducci&#xF3;n, 9.--  Marcio Veloz Maggiolo / &#x201C;Salmo heroico a las hermanas Mirabal&#x201D;, 13.--  &#x201C;Canto al 30 de mayo&#x201D;, 16.-- Lupo Hern&#xE1;ndez Rueda / &#x201C;Canci&#xF3;n a los h&#xE9;roes de Constanza, Maim&#xF3;n y Estero Hondo&#x201D;, 23.--  Aida Cartagena Portalat&#xED;n / &#x201C;La ira sagrada&#x201D; (canto a la Gesta del 30 de mayo&#x201D;, 29.--  Domingo Oct. Berg&#xE9;s Bordas / &#x201C;Significado hist&#xF3;rico del 30 de mayo de 1961, fecha clave en el proceso hist&#xF3;rico por la libertad dominicana&#x201D;, 39.-- Eduardo S&#xE1;nchez Cabral / Reconocimiento, 57.--  Discurso pronunciado el 30  de mayo de 1962, 59.--  Veredictos, 71-72.</subfield>
  </datafield>
  <datafield tag="650" ind1=" " ind2="0">
    <subfield code="a">Cuentos dominicanos</subfield>
    <subfield code="x">Concurso</subfield>
    <subfield code="9">1843</subfield>
    <subfield code="v">Publicaci&#xF3;n peri&#xF3;dica</subfield>
  </datafield>
  <datafield tag="650" ind1=" " ind2="0">
    <subfield code="a">Novela dominicana</subfield>
    <subfield code="9">1368</subfield>
    <subfield code="v">Publicaci&#xF3;n peri&#xF3;dica</subfield>
  </datafield>
  <datafield tag="700" ind1="1" ind2=" ">
    <subfield code="a">Hern&#xE1;ndez Ortega, Giberto,</subfield>
    <subfield code="d">1924-1978</subfield>
    <subfield code="e">dibujos</subfield>
    <subfield code="9">124455</subfield>
  </datafield>
  <datafield tag="942" ind1=" " ind2=" ">
    <subfield code="2">ddc</subfield>
    <subfield code="c">ISSUE</subfield>
  </datafield>
  <datafield tag="952" ind1=" " ind2=" ">
    <subfield code="0">0</subfield>
    <subfield code="1">0</subfield>
    <subfield code="2">ddc</subfield>
    <subfield code="4">0</subfield>
    <subfield code="5">6</subfield>
    <subfield code="7">0</subfield>
    <subfield code="8">SE</subfield>
    <subfield code="a">BNPHU</subfield>
    <subfield code="b">BNPHU</subfield>
    <subfield code="d">2025-03-21</subfield>
    <subfield code="h">Mayo 1962</subfield>
    <subfield code="l">0</subfield>
    <subfield code="p">2025-2236</subfield>
    <subfield code="r">2025-03-21</subfield>
    <subfield code="t">e.1</subfield>
    <subfield code="w">2025-03-21</subfield>
    <subfield code="y">ISSUE</subfield>
    <subfield code="z">Disponible para consulta en: Hemeroteca.</subfield>
  </datafield>
  <datafield tag="999" ind1=" " ind2=" ">
    <subfield code="c">58516</subfield>
    <subfield code="d">58516</subfield>
  </datafield>
</record>
